Дело о полемике с "Московскими ведомостями"

Доступно только в Электронных читальных залах Найти на картеНа карте
RUSMARC
00003921nmc2a22000003x 450
001968a3eaf-9139-4de8-9770-1aba1babd746
00520180712104157.0
100##$a20160413l18711872k l0rusy0189 ca
1010#$arus
102##$aRU
2001#$aДело о полемике с "Московскими ведомостями"
$j1871 г. - 9 января 1872 г.
$eПисьмо А.С. Воронова И.Д. Делянову с жалобой на "Петербургские ведомости" и его статья "Ответ господину Каткову по вопросу о реальных гимназиях…" и другое
251##$cДело
300##$aАвтограф, гранки статьи А.С. Воронова "Еще ответ на статью "Современной летописи" о трудах Ученого комитета
801#0$aRU
$bРГИА
$c20160413
$gRCR
801#1$aRU
$bГлавНИВЦ
$c20160413
$2rusmarc
801#2$aRU
$bПБ им. Б.Н. Ельцина
$c20180712
$gRCR
$2rusmarc
850##$aРГИА
852##$aРГИА
$eФедеральное казенное учреждение "Российский государственный исторический архив" (РГИА)
$j4
937##$hРГИА
$d12201695
$aASBIBLIO_SCAN
462#0$1001d00eb924-b8c4-46ea-b08b-551519b642a2
$12001
$aЛичные документы А.С. Воронова и материалы по вопросам народного образования в России
$1251
$cОпись
$1852
$j1
461#0$1001f6df60a8-a3d6-445b-9e6a-669b0dd5e9bc
$12001
$aВоронов Андрей Степанович (1818-1875)
$1251
$cФонд
$1852
$j845
215##$a36 л.
$d36,5х26 см
371##$aДокумент не является опубликованным и широко распространяемым
105##$ay###
1222#$ad
035##$a968a3eaf-9139-4de8-9770-1aba1babd746
856##$uhttp://readingroom.main.prlib.ru/item.aspx?id_node=n117217622&mode=full
Формат отображения